[Event "GER-chT U10"]
[Site "Magdeburg"]
[Date "2012.12.28"]
[Round "4.3"]
[White "Kirsten, Annika"]
[Black "Klar, Davin"]
[Result "1-0"]
[WhiteElo "1024"]
[BlackElo "681"]
[PlyCount "29"]
[EventDate "2012.12.27"]
[EventType "team-swiss"]
[EventRounds "7"]
[EventCountry "GER"]
[SourceTitle "EXT 2014"]
[Source "ChessBase"]
[SourceDate "2013.11.20"]
[SourceVersion "1"]
[SourceVersionDate "2013.11.20"]
[SourceQuality "1"]
[WhiteTeam "Magdeburg Aufbau Elbe"]
[BlackTeam "Halver Schalksmuehle"]
[WhiteTeamCountry "GER"]
[BlackTeamCountry "GER"]

1. e4 e5 2. Nf3 Nc6 3. Bc4 Nf6 4. d3 Bc5 5. Nc3 d6 6. Bg5 h6 7. Bh4 Nd4 8. Nd5 Nxf3+ 9. Qxf3 0-0 10. Bxf6 gxf6 11. Nxf6+ Kg7 12. Nh5+ Kg8 13. h4 Bd4 14. Qg3+ Kh7 15. Qg7# 1-0